[Event "CP-2012-P-00064"]
[Site "LSS email"]
[Date "2012.10.01"]
[Round "?"]
[White "Gonzalez, Roberto Enrique"]
[Black "Plunkett, Louis"]
[Result "0-1"]
[WhiteElo "1186"]
[BlackElo "1293"]
[PlyCount "44"]
[EventDate "2012.10.05"]
[EventType "tourn (corr)"]
[EventRounds "6"]
[EventCountry "GER"]
[SourceTitle "Telechess CBM 159"]
[Source "ChessBase"]
[SourceDate "2014.03.17"]
[SourceVersion "1"]
[SourceVersionDate "2014.03.17"]
[SourceQuality "1"]

1. Nf3 f5 2. g3 Nf6 3. Bg2 g6 4. 0-0 Bg7 5. d4 0-0 6. c4 d6 7. Nc3 Qe8 8. d5 Na6 9. Be3 e5 10. dxe6 Bxe6 11. Ng5 Bc8 12. Qd2 h6 13. Nf3 Kh7 14. Nd5 Ne4 15. Qc2 c6 16. Nf4 g5 17. Nd3 c5 18. Rfe1 Bd7 19. Rac1 Bc6 20. Nd2 Rb8 21. a3 Nc7 22. f3 Nxg3 0-1

[Event "SE-2012-0-00116"]
[Site "LSS email"]
[Date "2012.08.18"]
[Round "?"]
[White "Gonzalez, Roberto Enrique"]
[Black "Grimm, Wolfgang"]
[Result "1-0"]
[WhiteElo "1186"]
[BlackElo "1200"]
[PlyCount "39"]
[EventDate "2012.07.11"]
[EventType "tourn (corr)"]
[EventRounds "6"]
[EventCountry "GER"]
[SourceTitle "Telechess CBM 159"]
[Source "ChessBase"]
[SourceDate "2014.03.17"]
[SourceVersion "1"]
[SourceVersionDate "2014.03.17"]
[SourceQuality "1"]

1. Nf3 Nf6 2. c4 d5 3. d4 dxc4 4. Nc3 c6 5. a4 Nd5 6. e4 Nxc3 7. bxc3 b5 8. Bf4 Nd7 9. Be2 Nf6 10. Qc2 e6 11. 0-0 h6 12. Ne5 Bd7 13. Rfd1 Be7 14. axb5 cxb5 15. d5 exd5 16. Bf3 Bd6 17. Ra6 Bxe5 18. Bxe5 0-0 19. Bxf6 gxf6 20. Rxd5 1-0

[Event "SE-2012-0-00116"]
[Site "LSS email"]
[Date "2012.08.18"]
[Round "?"]
[White "Gonzalez, Roberto Enrique"]
[Black "Kraujunas, Vladas"]
[Result "0-1"]
[WhiteElo "1186"]
[BlackElo "1446"]
[PlyCount "46"]
[EventDate "2012.07.11"]
[EventType "tourn (corr)"]
[EventRounds "6"]
[EventCountry "GER"]
[SourceTitle "Telechess CBM 159"]
[Source "ChessBase"]
[SourceDate "2014.03.17"]
[SourceVersion "1"]
[SourceVersionDate "2014.03.17"]
[SourceQuality "1"]

1. d4 d5 2. Bg5 g6 3. Nf3 Bg7 4. e3 Nf6 5. Nbd2 0-0 6. Bd3 h6 7. Bh4 Nh5 8. 0-0 c5 9. c3 c4 10. Bc2 Nc6 11. b3 cxb3 12. axb3 Bg4 13. h3 Be6 14. b4 Re8 15. Nb3 Qc7 16. Nc5 Bc8 17. e4 dxe4 18. Bxe4 Nd8 19. Re1 a5 20. Qa4 Kf8 21. Bd5 g5 22. Bxg5 hxg5 23. Nxg5 e5 0-1

[Event "SE-2012-0-00116"]
[Site "LSS email"]
[Date "2012.08.18"]
[Round "?"]
[White "Shim Ng Min, Francis"]
[Black "Gonzalez, Roberto Enrique"]
[Result "0-1"]
[WhiteElo "862"]
[BlackElo "1186"]
[PlyCount "58"]
[EventDate "2012.07.11"]
[EventType "tourn (corr)"]
[EventRounds "6"]
[EventCountry "GER"]
[SourceTitle "Telechess CBM 159"]
[Source "ChessBase"]
[SourceDate "2014.03.17"]
[SourceVersion "1"]
[SourceVersionDate "2014.03.17"]
[SourceQuality "1"]

1. e4 e5 2. Nf3 Nc6 3. d4 exd4 4. Bc4 Nf6 5. e5 d5 6. Bb5 Ne4 7. Nxd4 Bd7 8. Bxc6 Bxc6 9. 0-0 Bc5 10. Nxc6 bxc6 11. Qg4 Qd7 12. Qxd7+ Kxd7 13. Nd2 Ke6 14. Nf3 a5 15. Bf4 Rab8 16. b3 a4 17. g3 Ra8 18. Kg2 axb3 19. axb3 Rxa1 20. Rxa1 Bxf2 21. Ng5+ Nxg5 22. Kxf2 Ne4+ 23. Ke2 g5 24. Be3 Kxe5 25. Kd3 Rb8 26. h4 h6 27. hxg5 hxg5 28. Re1 f6 29. g4 Rh8 0-1

[Event "LSS No Engine Cup 68 Preliminary 5"]
[Site "LSS email"]
[Date "2012.06.30"]
[Round "?"]
[White "Neumann, Frank"]
[Black "Gonzalez, Roberto Enrique"]
[Result "0-1"]
[WhiteElo "602"]
[BlackElo "1219"]
[PlyCount "42"]
[EventDate "2012.07.01"]
[EventType "tourn (corr)"]
[EventRounds "6"]
[EventCountry "GER"]
[SourceTitle "Telechess CBM 165"]
[Source "ChessBase"]
[SourceDate "2015.03.11"]
[SourceVersion "1"]
[SourceVersionDate "2015.03.11"]
[SourceQuality "1"]

1. b4 Nf6 2. Bb2 d6 3. e3 e5 4. Be2 Be7 5. Nf3 0-0 6. 0-0 e4 7. Nd4 c5 8. bxc5 dxc5 9. Nb3 b6 10. c4 Qc7 11. Nc3 Bb7 12. Qc2 a6 13. Rad1 Re8 14. d3 exd3 15. Qxd3 Nc6 16. a4 Nb4 17. Qb1 Bd6 18. g3 Rxe3 19. fxe3 Bxg3 20. Qf5 Bxh2+ 21. Kf2 Qg3# 0-1

[Event "SF-2012-0-00153"]
[Site "LSS email"]
[Date "2012.06.27"]
[Round "?"]
[White "Gonzalez, Roberto Enrique"]
[Black "Trevis, Robert R"]
[Result "1-0"]
[WhiteElo "1192"]
[BlackElo "1098"]
[PlyCount "75"]
[EventDate "2012.06.03"]
[EventType "tourn (corr)"]
[EventRounds "6"]
[EventCountry "GER"]
[SourceTitle "Telechess CBM 153"]
[Source "ChessBase"]
[SourceDate "2013.03.14"]
[SourceVersion "1"]
[SourceVersionDate "2013.03.14"]
[SourceQuality "1"]

1. Nf3 d5 2. d4 Nc6 3. c4 Bg4 4. e3 Nf6 5. Nc3 e6 6. a3 Be7 7. cxd5 exd5 8. Bd3 0-0 9. Qb3 Na5 10. Qa4 Nc4 11. Bxc4 dxc4 12. Qxc4 Be6 13. Qb5 b6 14. Ne5 c5 15. Nc6 Qc7 16. Nxe7+ Qxe7 17. 0-0 Rad8 18. dxc5 bxc5 19. e4 Qd6 20. Bg5 Ng4 21. g3 Rb8 22. Qe2 Ne5 23. Bf4 Rfd8 24. Rad1 Qc7 25. Nd5 Bxd5 26. exd5 Re8 27. Rfe1 f6 28. d6 Qb7 29. Bxe5 Rxe5 30. Qc4+ Qf7 31. Qa4 Rxb2 32. d7 Rxe1+ 33. Rxe1 Qf8 34. Qc4+ Kh8 35. Re8 Rb8 36. Rxf8+ Rxf8 37. Qxc5 Rd8 38. Qe7 1-0

[Event "SF-2012-0-00153"]
[Site "LSS email"]
[Date "2012.06.27"]
[Round "?"]
[White "Jostov, Keylah"]
[Black "Gonzalez, Roberto Enrique"]
[Result "1-0"]
[WhiteElo "1071"]
[BlackElo "1192"]
[PlyCount "51"]
[EventDate "2012.06.03"]
[EventType "tourn (corr)"]
[EventRounds "6"]
[EventCountry "GER"]
[SourceTitle "Telechess CBM 153"]
[Source "ChessBase"]
[SourceDate "2013.03.14"]
[SourceVersion "1"]
[SourceVersionDate "2013.03.14"]
[SourceQuality "1"]

1. e4 e5 2. Nf3 Nc6 3. Bc4 Bc5 4. d3 Nf6 5. Nc3 0-0 6. Bg5 h6 7. h4 hxg5 8. hxg5 Ng4 9. d4 exd4 10. g6 dxc3 11. gxf7+ Rxf7 12. Bxf7+ Kxf7 13. Qd5+ Kf6 14. Qf5+ Ke7 15. Qxc5+ d6 16. Qxc3 Qg8 17. Qd2 Nf6 18. Ng5 Be6 19. 0-0-0 Bg4 20. f3 Qxa2 21. Qc3 Be6 22. Rh7 Nxh7 23. Qxg7+ Bf7 24. Qxh7 Qa1+ 25. Kd2 Qxb2 26. Qxf7+ 1-0

[Event "RF-2012-0-00120"]
[Site "LSS email"]
[Date "2012.06.17"]
[Round "?"]
[White "Gonzalez, Roberto Enrique"]
[Black "Tittarelli, Adriano"]
[Result "1-0"]
[WhiteElo "1192"]
[BlackElo "1171"]
[PlyCount "109"]
[EventDate "2012.04.25"]
[EventType "tourn (corr)"]
[EventRounds "6"]
[EventCountry "GER"]
[SourceTitle "Telechess CBM 153"]
[Source "ChessBase"]
[SourceDate "2013.03.14"]
[SourceVersion "1"]
[SourceVersionDate "2013.03.14"]
[SourceQuality "1"]

1. Nf3 Nf6 2. d4 d5 3. Bg5 Nbd7 4. e3 h6 5. Bh4 c6 6. Bd3 Qb6 7. Nbd2 e6 8. Rb1 Bd6 9. c3 e5 10. Bxf6 gxf6 11. e4 dxe4 12. Nxe4 Be7 13. Qd2 Nf8 14. Ng3 exd4 15. 0-0 Be6 16. Nxd4 Rd8 17. b4 a6 18. Rfe1 Rxd4 19. cxd4 Qxd4 20. a3 Nd7 21. Qe3 Qxe3 22. Rxe3 Ne5 23. Nf5 Nxd3 24. Ng7+ Kf8 25. Nxe6+ fxe6 26. Rxd3 Rg8 27. Rd7 Rg5 28. Rxb7 a5 29. b5 cxb5 30. R7xb5 Rxb5 31. Rxb5 Bxa3 32. Rxa5 Be7 33. h4 f5 34. h5 Kf7 35. Kf1 Kf6 36. f4 Bd6 37. Ra4 e5 38. Ra6 Ke6 39. fxe5 Kxe5 40. Kf2 Bf8 41. Kf3 Bd6 42. Ra8 Kf6 43. Rg8 Be7 44. Rg6+ Kf7 45. Rxh6 Bf6 46. Rxf6+ Kxf6 47. Kf4 Ke6 48. h6 Kf6 49. h7 Kg7 50. Kxf5 Kxh7 51. Kf6 Kg8 52. g4 Kf8 53. g5 Kg8 54. Kg6 Kh8 55. Kf7 1-0

[Event "RF-2012-0-00116"]
[Site "LSS email"]
[Date "2012.04.26"]
[Round "?"]
[White "Fridich, Vaclav Sr"]
[Black "Gonzalez, Roberto Enrique"]
[Result "0-1"]
[WhiteElo "1012"]
[BlackElo "1151"]
[PlyCount "68"]
[EventDate "2012.04.02"]
[EventType "tourn (corr)"]
[EventRounds "6"]
[EventCountry "GER"]
[SourceTitle "Telechess CBM 153"]
[Source "ChessBase"]
[SourceDate "2013.03.14"]
[SourceVersion "1"]
[SourceVersionDate "2013.03.14"]
[SourceQuality "1"]

1. e4 c5 2. f4 d5 3. exd5 Qxd5 4. Nc3 Qd8 5. Nf3 Nc6 6. Bb5 Nf6 7. 0-0 Bd7 8. Bc4 Bf5 9. Ng5 Qd4+ 10. Kh1 Qxc4 11. d3 Qa6 12. h3 h6 13. Nge4 b6 14. Qe1 Rd8 15. a3 e6 16. Be3 Be7 17. g4 Bxe4+ 18. dxe4 Qb7 19. Kh2 0-0 20. g5 hxg5 21. fxg5 Nh5 22. h4 Qc7+ 23. Kh3 g6 24. Qf2 Bd6 25. Nb5 Qe7 26. Nxd6 Rxd6 27. Rae1 Rfd8 28. c3 Ne5 29. Qe2 Rd3 30. Rd1 Rxd1 31. Rxd1 Rxd1 32. Qxd1 Qd7 33. Qxd7 Nxd7 34. b4 Kf8 0-1

[Event "RF-2012-0-00116"]
[Site "LSS email"]
[Date "2012.04.25"]
[Round "?"]
[White "Raines, David T"]
[Black "Gonzalez, Roberto Enrique"]
[Result "0-1"]
[WhiteElo "1082"]
[BlackElo "1151"]
[PlyCount "34"]
[EventDate "2012.04.02"]
[EventType "tourn (corr)"]
[EventRounds "6"]
[EventCountry "GER"]
[SourceTitle "Corr 2015"]
[Source "ChessBase"]
[SourceDate "2015.07.17"]
[SourceVersion "1"]
[SourceVersionDate "2015.07.17"]
[SourceQuality "1"]

1. Nf3 c5 2. c4 Nf6 3. g3 g6 4. Bg2 Bg7 5. Nc3 0-0 6. 0-0 Nc6 7. d4 cxd4 8. Nxd4 e6 9. e4 Nxd4 10. Qxd4 Ng4 11. Qd1 Ne5 12. Qe2 Qc7 13. Bf4 Qxc4 14. Qd2 Rd8 15. Rfd1 Qb4 16. a3 Qb3 17. Bf1 Nf3+ 0-1

[Event "OP-2012-0-02082"]
[Site "LSS email"]
[Date "2012.02.26"]
[Round "?"]
[White "Kaczmarczyk, Marcin"]
[Black "Gonzalez, Roberto Enrique"]
[Result "1-0"]
[WhiteElo "800"]
[BlackElo "1135"]
[PlyCount "35"]
[EventDate "2012.02.22"]
[EventType "tourn (corr)"]
[EventRounds "4"]
[EventCountry "GER"]
[SourceTitle "Corr 2015"]
[Source "ChessBase"]
[SourceDate "2015.07.17"]
[SourceVersion "1"]
[SourceVersionDate "2015.07.17"]
[SourceQuality "1"]

1. e4 e5 2. Nf3 Nc6 3. Bc4 Bc5 4. b4 Bxb4 5. c3 Bc5 6. d4 exd4 7. 0-0 dxc3 8. Bxf7+ Kxf7 9. Qd5+ Kf8 10. Qxc5+ d6 11. Qxc3 Qf6 12. Qa3 Bg4 13. Bb2 Qg6 14. Nbd2 Nge7 15. Rae1 Rd8 16. Re3 b5 17. Rc1 b4 18. Qa6 1-0

[Event "OP-2012-0-02082"]
[Site "LSS email"]
[Date "2012.02.26"]
[Round "?"]
[White "Lauer, Fredric"]
[Black "Gonzalez, Roberto Enrique"]
[Result "0-1"]
[WhiteElo "1054"]
[BlackElo "1135"]
[PlyCount "78"]
[EventDate "2012.02.22"]
[EventType "tourn (corr)"]
[EventRounds "4"]
[EventCountry "GER"]
[SourceTitle "Corr 2015"]
[Source "ChessBase"]
[SourceDate "2015.07.17"]
[SourceVersion "1"]
[SourceVersionDate "2015.07.17"]
[SourceQuality "1"]

1. e4 e5 2. Nf3 Nc6 3. Bb5 a6 4. Bxc6 dxc6 5. 0-0 Bg4 6. d3 Bd6 7. Nbd2 Nf6 8. h3 Bh5 9. Nc4 Nd7 10. Be3 Qe7 11. c3 0-0 12. Ncd2 Nc5 13. Qc2 Rfe8 14. b4 Ne6 15. d4 exd4 16. Nxd4 Nxd4 17. Bxd4 a5 18. a3 f6 19. c4 Bf4 20. f3 axb4 21. axb4 Qxb4 22. Bc3 Qd6 23. Rad1 Be3+ 24. Kh1 Qc5 25. Qb3 b5 26. cxb5+ Bf7 27. Qb2 cxb5 28. Nb3 Qc4 29. Nd2 Qc6 30. Nb3 Qb6 31. Bd4 Bxd4 32. Nxd4 Bc4 33. Rfe1 c5 34. Nf5 Rad8 35. Qc3 Be6 36. Ne3 b4 37. Qc1 b3 38. Qb2 Qb4 39. Nf1 c4 0-1

[Event "OP-2012-0-02029"]
[Site "LSS email"]
[Date "2012.01.28"]
[Round "?"]
[White "Hoeber, Michael"]
[Black "Gonzalez, Roberto Enrique"]
[Result "1/2-1/2"]
[WhiteElo "1170"]
[BlackElo "1047"]
[PlyCount "24"]
[EventDate "2012.01.24"]
[EventType "tourn (corr)"]
[EventRounds "4"]
[EventCountry "GER"]
[SourceTitle "Corr 2015"]
[Source "ChessBase"]
[SourceDate "2015.07.17"]
[SourceVersion "1"]
[SourceVersionDate "2015.07.17"]
[SourceQuality "1"]

1. d4 Nf6 2. Nf3 e6 3. Bf4 b6 4. e3 Bb7 5. Nbd2 Be7 6. Bd3 Nh5 7. Bg3 0-0 8. c3 f5 9. Ne5 Qe8 10. 0-0 d6 11. Nef3 Nxg3 12. hxg3 d5 1/2-1/2